zpět

Detail výsledku týmu

Pivovar Parník, Přerov

Datum a čas kvízu

31 Celkem bodů Celkový počet nahraných bodů na tomto kvízu bez doplňovacích otázek.
1. Pořadí na kvízu Konečné umístění týmu na tomto kvízu.

Zaznamenané odpovědi

# Otázka Odpověď Body Výsledky
1. Předsedou Zelených se v sobotu... 1
2. Prostořeký prezident USA Donal... 0
3. Ve středu 17. ledna byly oznám... 0
4. Společnost Škoda Auto oznámila... 1
5. Její start poutal hodně pozorn... 1
6. Abychom se mohli ohřát u ohně,... 0
7. Firework, tedy Ohňostroj, je h... 1
8. Olympijský oheň je jedním ze z... 0
5. Ohněm a mečem je román polskéh... 1
5. Ohníček byl časopis pro děti a... 0